| 000 | 00635nam a2200253Ia 4500 | ||
|---|---|---|---|
| 008 | 181129s9999 xx 000 0 und d | ||
| 020 | _a9780545142960 | ||
| 050 | _bD726 2009 | ||
| 100 | _aDoubilet, David | ||
| 245 | 0 | _aFace to face with sharks / | |
| 245 | 0 | _cby David Doubilet and Jennifer Hayes. | |
| 260 | _aNew York, NY : | ||
| 260 | _bScholastic, | ||
| 260 | _c2009 | ||
| 300 | _a51 pages : | ||
| 300 | _bcolor illustrations ; | ||
| 300 | _c25cm. | ||
| 440 | _aNational Geographic. | ||
| 500 | _a940L | ||
| 650 | _aSharks -- | ||
| 650 | _xPictorial works. | ||
| 700 | _aHayes, Jennifer. | ||
| 700 | _aTitle. | ||
| 999 |
_c359846 _d359846 |
||